Ч. 2; Экология

Detalles Bibliográficos
Parent link:Панин, В. Ф.. Экология: учебное пособие/ В. Ф. Панин, А. И. Сечин, В. Д. Федосова; Северская государственная технологическая академия ; Томский политехнический университет. Ч. 2.— .— Северск: Изд-во СГТА, 2006.— 5-93915-075-6
Autor Principal: Панин В. Ф. Владимир Филиппович
Outros autores: Сечин А. И. Александр Иванович, Федосова В. Д. Валентина Давыдовна
Summary:В учебном пособии рассмотрены источники и последствия загрязнения воздушной среды, гидросферы и литосферы. Дан общий обзор принципов и методов защиты биосферы от загрязнений, организации природоохранной деятельности, в том числе в рамках международного сотрудничества. Пособие подготовлено на кафедрах экологии и безопасности жизнедеятельности Томского политехнического университета и химии и технологии материалов современной энергетики Северской государственной технологической академии, соответствует программе Министерства образования и науки Российской Федерации и рекомендуется для студентов заочной и дневной форм обучения технических вузов. Учебное пособие одобрено на заседаниях кафедры химии и технологии материалов современной энергетики Северской государственной технологической академии и экологии и безопасности жизнедеятельности Томского политехнического университета. Учебное пособие печатается по постановлению Редакиионно-издательского совета Северской государственной технологической академии.
Idioma:ruso
Publicado: 2006
Subjects:
Formato: Libro
KOHA link:https://koha.lib.tpu.ru/cgi-bin/koha/opac-detail.pl?biblionumber=116931

MARC

LEADER 00000nam2a2200000 4500
001 116931
005 20250424165141.0
035 |a (RuTPU)RU\TPU\book\126536 
090 |a 116931 
100 |a 20070529d2006 m y0rusy50 ca 
101 0 |a rus 
102 |a RU 
105 |a a j 001zy 
200 0 |a Ч. 2 
210 |d 2006 
215 |a 168 с.  |c ил. 
320 |a Библиогр.: с. 165-167. 
330 |a В учебном пособии рассмотрены источники и последствия загрязнения воздушной среды, гидросферы и литосферы. Дан общий обзор принципов и методов защиты биосферы от загрязнений, организации природоохранной деятельности, в том числе в рамках международного сотрудничества. Пособие подготовлено на кафедрах экологии и безопасности жизнедеятельности Томского политехнического университета и химии и технологии материалов современной энергетики Северской государственной технологической академии, соответствует программе Министерства образования и науки Российской Федерации и рекомендуется для студентов заочной и дневной форм обучения технических вузов. Учебное пособие одобрено на заседаниях кафедры химии и технологии материалов современной энергетики Северской государственной технологической академии и экологии и безопасности жизнедеятельности Томского политехнического университета. Учебное пособие печатается по постановлению Редакиионно-издательского совета Северской государственной технологической академии. 
461 1 |0 117741  |9 117741  |y 5-93915-075-6  |a Панин, В. Ф.   |t Экология  |o учебное пособие  |f В. Ф. Панин, А. И. Сечин, В. Д. Федосова  |g Северская государственная технологическая академия ; Томский политехнический университет  |c Северск  |n Изд-во СГТА  |d 2006  |v Ч. 2 
610 1 |a экология 
610 1 |a атмосфера 
610 1 |a охрана 
610 1 |a загрязнение 
610 1 |a гидросфера 
610 1 |a защита 
610 1 |a сточные воды 
610 1 |a очистка 
610 1 |a твердые отходы 
610 1 |a энергетические загрязнения 
610 1 |a ионизирующее излучение 
610 1 |a электромагнитные загрязнения 
610 1 |a тепловые загрязнения 
610 1 |a виброакустические загрязнения 
610 1 |a окружающая среда 
610 1 |a контроль 
610 1 |a качество 
610 1 |a управление 
610 1 |a учебные пособия 
610 1 |a труды учёных ТПУ 
675 |a 504(075.8)  |v 3 
675 |a 574(075.8)  |v 3 
700 1 |a Панин  |b В. Ф.  |c специалист в области экологии и безопасности жизнедеятельности  |c профессор Томского политехнического университета  |f 1940-  |g Владимир Филиппович  |9 9299 
701 1 |a Сечин  |b А. И.  |c специалист в области экологии и безопасности жизнедеятельности  |c профессор Томского политехнического университета, доктор технических наук  |f 1950-  |g Александр Иванович  |9 11890 
701 1 |a Федосова  |b В. Д.  |g Валентина Давыдовна 
801 1 |a RU  |b 63413507  |c 20070529  |g PSBO 
801 2 |a RU  |b 63413507  |c 20200911  |g PSBO 
850 |a 63413507 
942 |c BK